Fabio Capello's Real Madrid - Statistics

General Stats
  • This quiz has been taken 13 times
  • The average score is 25 of 51
Answer Stats
Rank Player Position Nationality Matches Goals Assists % Correct
21 David Beckham Central Midfield 31 4 6
100%
7 Iker Casillas Goalkeeper 45 0 0
100%
1 Raúl Second Striker 90 34 20
100%
2 Roberto Carlos Left-Back 74 8 16
100%
4 Ruud van Nistelrooy Centre-Forward 47 33 6
100%
16 Fabio Cannavaro Centre-Back 39 0 0
92%
3 Guti Central Midfield 54 1 9
92%
9 Mahamadou Diarra Defensive Midfield 44 4 2
92%
13 Sergio Ramos Centre-Back 42 6 4
92%
10 Davor Suker Centre-Forward 43 29 5
85%
6 Fernando Hierro Centre-Back 45 8 1
85%
12 Robinho Left Winger 43 8 6
77%
14 Clarence Seedorf Central Midfield 42 6 7
69%
22 Iván Helguera Centre-Back 30 1 1
69%
11 Predrag Mijatović Centre-Forward 43 15 11
69%
29 Fernando Gago Defensive Midfield 17 0 1
62%
17 Fernando Redondo Defensive Midfield 39 1 2
62%
24 Gonzalo Higuaín Centre-Forward 23 2 4
62%
37 Rubén de la Red Central Midfield 10 1 0
62%
36 Antonio Cassano Second Striker 12 2 2
54%
5 Bodo Illgner Goalkeeper 46 0 0
54%
43 Marcelo Left-Back 6 0 0
54%
31 Míchel Salgado Right-Back 17 0 1
54%
27 Christian Panucci Right-Back 21 2 2
46%
19 Emerson Defensive Midfield 34 1 3
46%
34 Ronaldo Centre-Forward 13 4 0
46%
46 Javi García Defensive Midfield 3 0 1
38%
18 José Antonio Reyes Right Winger 38 7 4
38%
26 Manolo Sanchís Centre-Back 22 0 1
38%
48 Santiago Cañizares Goalkeeper 2 0 0
38%
15 Víctor Sánchez Right Winger 41 6 4
38%
40 Cicinho Right-Back 8 0 3
31%
44 Diego López Goalkeeper 5 0 0
31%
49 Francisco Pavón Centre-Back 2 0 0
31%
35 Raúl Bravo Centre-Back 13 0 0
31%
39 Zé Roberto Left Midfield 9 0 1
31%
28 Chendo Right-Back 18 0 0
23%
38 Fernando Sanz Centre-Back 9 0 0
23%
20 José Amavisca Left Midfield 31 0 2
23%
23 Miguel Torres Right-Back 25 0 2
23%
41 Álvaro Benito Left Midfield 7 0 0
15%
33 Álvaro Mejía Centre-Back 13 0 0
15%
50 Borja Valero Central Midfield 2 0 0
15%
47 Dejan Petkovic Attacking Midfield 3 0 0
15%
42 García Calvo Centre-Back 7 0 0
15%
51 Irurzun Centre-Forward 2 0 0
15%
25 Luis Milla Central Midfield 23 0 0
15%
45 Miguel Ángel Nieto Left Winger 4 0 0
15%
32 Mikel Lasa Left-Back 15 0 0
15%
8 Rafael Alkorta Centre-Back 45 1 0
15%
30 Secretário Right-Back 17 0 0
15%
No matching quizzes found
Score Distribution
Percent of People with Each Score
Percentile by Number Answered
Your Score History
You have not taken this quiz